| 000 | 00472 a2200169 4500 | ||
|---|---|---|---|
| 020 | _a063205459X | ||
| 040 |
_aDLC _bDLC |
||
| 082 |
_a546 _bLEE |
||
| 100 | 1 |
_aLee, J. D. _966783 |
|
| 245 | 1 | 0 |
_aConcise inorganic chemistry _cby J.D. Lee. |
| 250 | _a5th ed. | ||
| 260 |
_aOxford : _bBlackwell Science Ltd., _c2002. |
||
| 300 |
_axxxv, 1032 p. : _bill. |
||
| 650 | 0 |
_aChemistry, Physical and theoretical. _91241 |
|
| 650 | 0 |
_aChemical bonds. _91242 |
|
| 942 |
_cBK _k541 LEE _2ddc |
||
| 999 |
_c7783 _d7783 |
||